Ben Atatürkçü değilim / (Record no. 13543)

MARC details
000 -BAŞLIK
Sabit Uzunlukta Kontrol Alanı 00522nam a2200193 4500
999 ## - SİSTEM KONTROL NUMARALARI (KOHA)
Koha Biblionumber 13543
Koha Biblioitemnumber 13543
003 - KONTROL NUMARASI IDENTIFIER
Denetim Alanı MIRAKIL
005 - SON İŞLEM TARİHİ VE ZAMANI
Denetim Alanı 20191016174601.0
008 - SABİT-BOY VERİ ELEMANLARI - GENEL BİLGİLER
Sabit Uzunlukta Kontrol Alanı 191016b tu ||||| |||| 00| 0 tur d
040 ## - KATALOGLAMA KAYNAK
Orijinal Kataloglama Ajansı TR-AnCHP
Metne Dönüştürmek Ajansı TR-AnCHP
041 ## - DİL KODU
Metin / Ses Parça Veya Ayrı Başlığın Dil Kodu tur
082 ## - DEWEY ONLU SINIFLANDIRMA NUMARASI
Sınıflandırma Numarası 070.44
Ürün Numarası N22b 1993
100 1# - ANA GİRİŞ - KİŞİSEL İSİM
Kişisel Ad Nadi, Nadir
245 10 - BAŞLIK TABLOSU
Başlık Ben Atatürkçü değilim /
Sorumluluk Tablosu, Vb Nadir Nadi.
250 ## - EDITION TABLOSU
Baskı Beyanı 12 bs.
260 ## - YAYIN, DAĞITIM, VB
Yayın, Dağıtım, Vb Yeri İstanbul :
Yayıncı, Dağıtıcı, Vs Adı Çağdaş Yayınları,
Yayın, Dağıtım, Vb Tarihi 1993.
300 ## - FİZİKSEL TANIM
Kapsam 186 s.:
Boyutlar 20 sm.
650 #0 - KONU KATMA GİRİŞ - TOPİKAL DÖNEM
9 (RLIN) 6022
Topikal Süreli Veya Coğrafi Ad Giriş Elemanı Gazete yazıları
Genel Alt Bölümü Türkiye
942 ## - EKLENDİ GİRİŞ ELEMANLARI (KOHA)
Sınıflandırma Veya Raf Düzeni Kaynak Dewey Decimal Classification
Koha Öğesi Türü Books
Holdings
Kalıcı Konum Mevcut Konum Edinme Tarihi Toplam Check-Out'Lar Tam Çağrı Numarası Barkod Tarih Son Görülme İtibaren Geçerli Fiyatlar Sigara Kamu Notu Koha Öğesi Türü
CHP Kütüphanesi CHP Kütüphanesi 10/16/2019   070.44 N22b 1993 011810 10/16/2019 10/16/2019 Ertuğrul Çepni bağışıdır. Books